|
|
|
|
| LEADER |
00000nam0a2200000 4500 |
| 001 |
85700 |
| 005 |
20231101213432.0 |
| 010 |
|
|
|a 5811400837
|
| 035 |
|
|
|a (RuTPU)RU\TPU\book\92076
|
| 090 |
|
|
|a 85700
|
| 100 |
|
|
|a 20051116d2005 m y0rusy50 ca
|
| 101 |
0 |
|
|a rus
|
| 102 |
|
|
|a RU
|
| 105 |
|
|
|a a j 000zy
|
| 200 |
1 |
|
|a Петербургские математические олимпиады
|f С. Л. Берлов, С. В. Иванов, К. П. Кохась
|
| 205 |
|
|
|a 3-е изд., стер.
|
| 210 |
|
|
|a СПб.
|c Лань
|d 2005
|
| 215 |
|
|
|a 608 с.
|c ил.
|
| 225 |
1 |
|
|a Учебники для вузов. Специальная литература
|
| 330 |
|
|
|a Книга адресована тем, кто любит, умеет или хочет научиться решать интересные и нестандартные математические задачи. В ней собраны задачи Санкт-Петербургских олимпиад 1994-1999 годов, статистические данные этих олимпиад. В добавлении приведены пять задач исследовательского характера. Подробные решения задач первого тура рассчитаны на неподготовленного читателя, в то же время некоторые решения задач других туров способны озадачить даже профессионала. Учителя и руководители математических кружков найдут здесь обширный материал для внеклассных занятий, тренировочных олимпиад.
|
| 606 |
|
|
|a Математика
|2 stltpush
|3 (RuTPU)RU\TPU\subj\67327
|9 83171
|
| 610 |
1 |
|
|a математические олимпиады
|
| 610 |
1 |
|
|a математические задачи
|
| 610 |
1 |
|
|a Санкт-Петербург
|
| 610 |
1 |
|
|a 20 век
|
| 610 |
1 |
|
|a математические бои
|
| 610 |
1 |
|
|a кодирующие отображения
|
| 610 |
1 |
|
|a мозаики Пенроуза
|
| 610 |
1 |
|
|a конфигурации
|
| 610 |
1 |
|
|a обобщенные полимино
|
| 610 |
1 |
|
|a ладейные многочлены
|
| 675 |
|
|
|a 51(076)
|v 3
|
| 700 |
|
1 |
|a Берлов
|b С. Л.
|g Сергей Львович
|
| 701 |
|
1 |
|a Иванов
|b С. В.
|g Сергей Владимирович
|
| 701 |
|
1 |
|a Кохась
|b К. П.
|g Константин Петрович
|
| 801 |
|
1 |
|a RU
|b 63413507
|c 20051116
|g PSBO
|
| 801 |
|
2 |
|a RU
|b 63413507
|c 20180326
|g PSBO
|
| 942 |
|
|
|c BK
|